书目信息 |
| 题名: |
汇编语言程序设计
|
|
| 作者: | 杜法则 主编 | |
| 分册: | ||
| 出版信息: | 北京 中国物资出版社 1998 |
|
| 页数: | 270页 | |
| 开本: | 26cm | |
| 丛书名: | ||
| 单 册: | ||
| 中图分类: | TP313 | |
| 科图分类: | ||
| 主题词: | 汇编语言--程序设计--教材 | |
| 电子资源: | ||
| ISBN: | 978-7-5047-1347-6 | |
| 000 | 00658nam0 2200229 450 | |
| 001 | 0100647184 | |
| 005 | 20020928000000.0 | |
| 010 | @a978-7-5047-1347-6@dCNY19.80 | |
| 100 | @a19980612d1998 em y0chiy0110 ea | |
| 101 | 0 | @achi |
| 102 | @aCN@b110000 | |
| 105 | @ay z 000yy | |
| 106 | @ar | |
| 200 | 1 | @a汇编语言程序设计@9Hui Bian Yu Yan Cheng Xu She Ji @f杜法则主编@b专著 |
| 210 | @a北京@c中国物资出版社@d1998 | |
| 215 | @a270页@d26cm | |
| 300 | @a大中专技校计算机专业教材 | |
| 606 | 0 | @a汇编语言@x程序设计@x教材 |
| 690 | @aTP313@v3 | |
| 701 | 0 | @a杜法则@9du fa ze@4主编 |
| 801 | 0 | @aCN@bAiZhiMarc@c19980623 |
| 905 | @aBZT@dTP313@e112@f8@sTP313/112 | |
| 汇编语言程序设计/杜法则主编.-北京:中国物资出版社,1998 |
| 270页;26cm |
| 大中专技校计算机专业教材 |
| ISBN 978-7-5047-1347-6:CNY19.80 |
| ● |
| 相关链接 |
|
|
|
正题名:汇编语言程序设计
索取号:TP313/112
 
预约/预借
| 序号 | 登录号 | 条形码 | 馆藏地/架位号 | 状态 | 备注 |
| 1 | 2000022320 | 2000022320 | 旧书回溯/ [索取号:TP313/112] | 在馆 | |
| 2 | 2000129164 | 2000129164 | 旧书回溯/ [索取号:TP313/112] | 在馆 | |
| 3 | 2000129165 | 2000129165 | 旧书回溯/ [索取号:TP313/112] | 在馆 | |
| 4 | 2000129166 | 2000129166 | 旧书回溯/ [索取号:TP313/112] | 在馆 | |
| 5 | 2000129167 | 2000129167 | 旧书回溯/ [索取号:TP313/112] | 在馆 | |
| 6 | 2000129168 | 2000129168 | 旧书回溯/ [索取号:TP313/112] | 在馆 | |
| 7 | 2000129169 | 2000129169 | 旧书回溯/ [索取号:TP313/112] | 在馆 | |
| 8 | 2000129170 | 2000129170 | 旧书回溯/ [索取号:TP313/112] | 在馆 |